[Event "American Continental-ch 2018 -TB"]
[Site "Montevideo"]
[Date "2018.06.10"]
[Round "6"]
[White "Salinas Herrera, Pablo"]
[Black "Escalante Ramirez, Brian Sebasti"]
[Result "1/2-1/2"]
[WhiteElo "2463"]
[BlackElo "2422"]
[Annotator "TA"]
[PlyCount "35"]
[EventDate "2018.??.??"]
[EventType "swiss"]
[EventCountry "URU"]
[SourceTitle "playchess.com"]
[Source "ChessBase"]
[SourceQuality "1"]

{[%evp 15,17,34,32,41]} 1. d4 Nf6 2. c4 g6 3. Nc3 Bg7 4. e4 d6 5. Be2 O-O 6. Nf3 Na6 7. O-O e5 8. Be3 Ng4 {LiveBook: 2033 Partien} 9. Bg5 {E94: Königsindisch (Klassisches System)} {Vorgänger:} f6 $146 10. Bc1 f5 11. exf5 exd4 12. Bg5 Qe8 13. Nxd4 gxf5 14. h3 Nf6 15. Re1 Qg6 16. Bf4 Nc5 17. Bf3 Bd7 18. Ndb5 {1-0 (34) Prohaszka,P (2613)-Zherebukh,Y (2633) Saint Louis 2018} 1/2-1/2

[Event "American Continental-ch 2018 -TB"]
[Site "Montevideo"]
[Date "2018.06.11"]
[Round "7.1"]
[White "Cordova, Emilio"]
[Black "Salinas Herrera, Pablo"]
[Result "1-0"]
[WhiteElo "2621"]
[BlackElo "2463"]
[Annotator "TA"]
[PlyCount "89"]
[EventDate "2018.??.??"]
[EventType "swiss"]
[EventCountry "URU"]
[SourceTitle "playchess.com"]
[Source "ChessBase"]
[SourceQuality "1"]

{[%evp 14,89,-10,-19,-6,-26,0,-18,18,-10,0,6,-4,-51,-34,-100,-81,-116,-81,-82,-47,-43,-21,-25,-25,-22,-5,-53,-48,-46,5,-60,23,-113,10,0,23,16,78,87,88,64,64,19,8,32,91,89,93,110,366,161,352,354,411,79,108,68,86,8,1773,1434,29980,29981,29981,1624,29990,29991,29991,29977,29995,29996,29996,29997,29997,29998,29998,29997]} 1. Nf3 d5 2. g3 Bg4 3. Bg2 e6 4. O-O Nf6 5. d3 c5 6. Nbd2 Nc6 7. c3 Be7 {A08: King's Indian Attack} 8. a3 {LiveBook: 3 Games} (8. Qc2 O-O 9. Re1 Qc7 10. e4 Rfd8 11. a4 Rac8 12. exd5 Nxd5 13. Nc4 Bf6 14. Bg5 Bf5 15. Bxf6 Nxf6 {0-1 (35) Narancic,V (2359)-Bologan,V (2665) Neum 2008}) 8... O-O 9. b4 Qc7 $146 {Black has an edge.} ({Predecessor:} 9... b5 10. bxc5 Bxc5 11. Nb3 Bb6 12. h3 Bxf3 13. Bxf3 Rc8 14. Bg2 Re8 15. a4 bxa4 16. Rxa4 {1-0 (38) Movsziszian,K (2531)-Hernando Rodrigo,J (2359) Mondariz 2008}) 10. Bb2 a6 11. Rc1 Rad8 12. h3 Bh5 13. Qe1 b5 14. Nh2 (14. c4 $15) 14... c4 15. d4 Bg6 16. f4 Nd7 17. e4 dxe4 18. Nxe4 Nb6 19. Rd1 a5 20. g4 axb4 21. axb4 Nd5 (21... Bxe4 $15 22. Qxe4 Nd5) 22. Bc1 (22. f5 $11 exf5 23. gxf5) 22... Rfe8 ({Better is} 22... Bd6 $15 23. Nxd6 Qxd6) 23. h4 (23. f5 $11 exf5 24. gxf5) 23... Nxc3 ({Black should try} 23... Ncxb4 $17 24. cxb4 Bxb4) 24. Qxc3 $11 Bxb4 25. Qb2 Qa5 {[#]} (25... Ba5 $11 {remains equal.}) 26. Nf6+ $1 $16 {[%mdl 512]} gxf6 27. Bxc6 {Threatens to win with f5.} c3 28. Qf2 c2 29. Rd2 Re7 (29... Bxd2 $14 30. Bxd2 Qc7 31. Bxe8 Bd3) 30. f5 exf5 31. Rxc2 ({Of course not} 31. gxf5 $6 Bxd2 32. fxg6 Bxc1 $15) 31... Be1 $2 {[%mdl 8192]} (31... f4 $16) 32. Qg2 (32. Qf4 $142) 32... fxg4 $2 (32... f4) 33. Nxg4 $18 Bxh4 34. Rc5 $2 (34. Nh6+ $18 Kh8 35. Re2 Rxe2 36. Qxe2) 34... Rxd4 {And now ...Qa7 would win.} 35. Bd5 {Rc8+ would kill now.} ({Don't blunder} 35. Nxf6+ $2 Bxf6 36. Bg5 (36. Rxf6 $2 Re1+ 37. Rf1 Rdd1 $19) 36... Qa7 $19) 35... Rc7 36. Nh6+ $40 {[%mdl 128] White has some attack.} (36. Be3 $16 Rd3 37. Qe2 Rxc5 38. Bxc5) 36... Kh8 $2 {[%mdl 8192] [#]} (36... Kf8 $11 37. Be3 Rxc5 38. Bxd4 Rc2) 37. Qe2 $1 {[%mdl 512] Intending Qe8+ and mate.} Kg7 38. Qe8 {[%csl Gh6][%cal Re8g8]} Bf2+ 39. Rxf2 (39. Kg2 $142 Qd2 40. Rxc7 Kxh6 41. Bxd2+ Rxd2 42. Rxf2 Rxd5 43. Rxf6 Kg5 44. Rf3 Rd2+ 45. Kf1 Rd1+ 46. Ke2) 39... Rd1+ 40. Kh2 {[%csl Gh6][%cal Re8g8] White mates.} Rxc1 41. Rxc1 Rxc1 42. Nf5+ Bxf5 43. Qxf7+ Kh6 44. Qxf6+ Bg6 45. Qf8+ {Precision: White = 37%, Black = 15%.} 1-0

[Event "American Continental-ch 2018 -TB"]
[Site "Montevideo"]
[Date "2018.06.11"]
[Round "7.2"]
[White "Cori, Jorge"]
[Black "Mareco, Sandro"]
[Result "1-0"]
[WhiteElo "2659"]
[BlackElo "2643"]
[Annotator "TA"]
[PlyCount "117"]
[EventDate "2018.??.??"]
[EventType "swiss"]
[EventCountry "URU"]
[SourceTitle "playchess.com"]
[Source "ChessBase"]
[SourceQuality "1"]

{[%evp 23,117,8,0,0,0,-6,-8,-8,-5,-5,-5,-4,-11,-21,-19,-19,-15,-47,-27,-29,-23,-22,-23,-17,-37,-72,-22,-25,-12,-10,-9,-132,-19,-15,-13,-107,0,0,0,-105,0,0,18,0,357,0,0,0,0,-300,-292,-292,219,186,615,611,599,603,533,376,362,0,228,248,399,363,905,318,295,302,402,391,420,187,744,545,802,138,736,162,5065,5065,4714,4706,1461,537,524,506,561,559,1155,1123,1122,965,1094,1094]} 1. d4 Nf6 2. c4 e6 3. Nf3 d5 4. Nc3 c6 5. e3 Nbd7 6. Qc2 Bd6 7. Bd3 dxc4 8. Bxc4 O-O 9. O-O b5 10. Be2 Bb7 11. a3 a6 {D46: Semi-Slav: 5 e3 Nbd7 6 Bd3, Black avoids the Meran} (11... a5 12. e4 e5 13. Rd1 Qc7 14. dxe5 Nxe5 15. Nd4 Neg4 16. Bxg4 Bxh2+ 17. Kf1 Nxg4 18. g3 f5 19. Bf4 {1-0 (38) Sasikiran,K (2669)-Robson,R (2656) Khanty-Mansiysk 2017}) 12. e4 e5 {LiveBook: 9 Games} 13. dxe5 Nxe5 {The position is equal.} 14. Nd4 $146 ({Predecessor:} 14. Ne1 Neg4 15. Bxg4 Nxg4 16. Nf3 Qc7 17. h3 Nh2 18. Nxh2 Bxh2+ 19. Kh1 Be5 20. Be3 c5 21. Rfd1 {½-½ (21) Vodicka,M (2223)-Kudr,R (2264) ICCF email 2014}) 14... g6 15. Bg5 c5 16. Nf3 Nxf3+ 17. Bxf3 Be5 18. Rfd1 Qc7 19. h4 Rfe8 20. Rac1 Rac8 21. a4 b4 22. Nd5 Nxd5 23. exd5 Qd6 24. Be3 {[%cal Re3c5]} c4 25. a5 c3 26. bxc3 Rxc3 27. Qd2 (27. Qa4 $11 Rb8 28. Rxc3 bxc3 29. h5) 27... Rec8 (27... Bc8 $17 28. Qe2 Rxc1 29. Rxc1 b3) 28. Rb1 $11 R8c4 29. h5 (29. Qe2 $11) 29... Rh4 ({Black should play} 29... Bc8 $17 {White must now prevent ...Bf5.} 30. Rdc1 Bf5 31. Rxc3 bxc3) 30. g3 Rhc4 $36 {[%mdl 2048] Black is more active.} (30... Bxg3 31. fxg3 Qxg3+ 32. Qg2) 31. Qe1 (31. Re1 $11) 31... b3 ({Better is} 31... gxh5 $17 32. Bxh5 b3) 32. h6 Kf8 {Threatening ...b2!} 33. Bg2 {[#]} f5 $2 {[%mdl 8192]} (33... b2 $1 $11 {[%mdl 512]}) 34. Bb6 $2 (34. Bd2 $18) 34... f4 35. gxf4 Rxf4 {And now ...Rg4 would win.} 36. Rd2 $2 {[%mdl 8192]} (36. Rdc1 $11 {and White is okay.} Rcc4 37. Rxb3 Bxd5 38. Rd3) 36... Rg4 $19 {Threatens to win with ...Bxd5.} 37. Qd1 {[#]} Rg5 $4 {[%mdl 8192]} (37... Qb4 $1 $19 {[%cal Rb4e4] and life is good for Black.} 38. f3 Rg5) 38. Rxb3 $18 Rc4 $2 (38... Bh2+ 39. Kf1 Rxb3 40. Qxb3 Bc6) 39. Be3 $1 {[%csl LRb7,LRg5]} Rxg2+ 40. Kxg2 Bc8 41. f3 Rh4 42. Qg1 $2 (42. Qe1 $18 Bh3+ 43. Kg1) 42... Rh2+ $2 (42... Bf4 $11 {and Black has nothing to worry.}) 43. Kf1 {Bc5 is the strong threat.} Bh3+ $2 (43... Rxd2 44. Bxd2 Qxd5) 44. Ke1 {aiming for Bc5.} Rxd2 $2 (44... Bg3+ 45. Kd1 Rxd2+ 46. Bxd2 Qxd5) 45. Bxd2 $2 (45. Bc5 Rxd5 46. Bxd6+ Bxd6 47. Qb6 Bg3+ 48. Ke2) 45... Qxd5 46. Qb6 Be6 ({But not} 46... Bg3+ $6 47. Kd1 $18) 47. Re3 Kf7 48. Qa7+ (48. Qxa6 $142 Bd7 49. Rd3) 48... Kg8 $2 (48... Bd7) 49. Qxa6 Bd7 50. Qb6 $2 (50. Qd3 $18 {is more deadly.} Qxd3 51. Rxd3) 50... Bg3+ $2 {[%mdl 8192]} (50... Bb5 $16 51. Rc3 Bxc3 52. Bxc3 Qxf3 53. Qxb5 Qxc3+ 54. Kd1 Qf3+ 55. Kc2 Qf2+ 56. Kb3 Qe3+ 57. Ka4 Qd4+ 58. Qb4 Qa1+ 59. Kb5 Qe5+ 60. Kc6 Qe8+ 61. Kb7 Qf7+ 62. Ka8 Qd5+ 63. Kb8 Qe5+ 64. Ka7 Kf7 65. Qb7+ Ke6 66. Qc8+ (66. Qxh7 Qxa5+ 67. Kb8 Qb6+ 68. Kc8 Qa6+ 69. Kb8 Qb6+ 70. Kc8 Qa6+ 71. Kb8 Qb6+ $11) 66... Ke7) 51. Kf1 $2 (51. Kd1 {Qd8+ would kill now.} Bc6 52. Qb4) 51... Bh4 $2 (51... Bb5+ 52. Kg2 Bf4 53. Re8+ Bxe8 54. Bxf4 Bc6) 52. Qb8+ {White is clearly winning.} Kf7 53. Qf4+ Bf6 54. Re4 (54. Bc3 $142 Bb5+ 55. Kg2) 54... g5 55. Qe3 Bf5 56. Rb4 Be6 57. a6 Be7 58. Re4 Bc5 59. Qxg5 {Precision: White = 39%, Black = 27%.} 1-0